riley's rbi fact or fiction? bureau of investigation: (Record no. 9404)

MARC details
000 -LEADER
fixed length control field 00898nam a22001817a 4500
003 - CONTROL NUMBER IDENTIFIER
control field OSt
005 - DATE AND TIME OF LATEST TRANSACTION
control field 20260414071931.0
008 - FIXED-LENGTH DATA ELEMENTS--GENERAL INFORMATION
fixed length control field 260414b |||||||| |||| 00| 0 eng d
040 ## - CATALOGING SOURCE
Original cataloging agency DWCL GS lib
Transcribing agency OC
082 ## - DEWEY DECIMAL CLASSIFICATION NUMBER
Classification number Fic. W684 2010
100 ## - MAIN ENTRY--PERSONAL NAME
Personal name Publishing Riley's
245 ## - TITLE STATEMENT
Title riley's rbi fact or fiction? bureau of investigation:
Remainder of title wings of fear
Statement of responsibility, etc. Ripley's Publishing
260 ## - PUBLICATION, DISTRIBUTION, ETC.
Place of publication, distribution, etc. United States
Name of publisher, distributor, etc. Ripley's Publishing
Date of publication, distribution, etc. c2010
300 ## - PHYSICAL DESCRIPTION
Extent 125
Other physical details illustrations
Dimensions 19cm
520 ## - SUMMARY, ETC.
Summary, etc. Wings of Fear (Ripley RBI, No. 5) is a children's adventure novel published by Ripley Publishing in December 2011. It is part of the Ripley's Bureau of Investigation (RBI) series, which follows a team of teenagers with special gifts who travel the world investigating strange creatures and phenomena.
700 ## - ADDED ENTRY--PERSONAL NAME
Personal name Ripley's Publishing
942 ## - ADDED ENTRY ELEMENTS (KOHA)
Source of classification or shelving scheme Dewey Decimal Classification
Koha item type Fiction
Classification part Fic. W684 2010
Suppress in OPAC No

No items available.